Statistics for Metropolitan Divisions with the Highest Robbery Rate 2020

Click here to take the quiz!

General Stats

  • This quiz has been taken 5 times
  • The average score is 11 of 16

Answer Stats

Robbery Rate per 100,000Answer% Correct
277Baltimore
100%
199Chicago
100%
195Cleveland
100%
221Detroit
100%
198Los Angeles
100%
225San Francisco
100%
216Houston
80%
219Indianapolis
80%
269Memphis
80%
237Oakland
80%
268Las Vegas
60%
232Milwaukee
60%
325Philadelphia
60%
225Anchorage
20%
289Albuquerque
0%
223Stockton
0%

Score Distribution

Percentile by Number Answered

Percent of People with Each Score

Your Score History

You have not taken this quiz